[Event "FIDE World Cup"]
[Site "Tromsoe"]
[Date "2013.08.13"]
[Round "1.4"]
[White "Ushenina, Anna"]
[Black "Svidler, Peter"]
[Result "0-1"]
[WhiteElo "2500"]
[BlackElo "2746"]
[Annotator "CB"]
[PlyCount "80"]
[EventDate "2013.08.11"]
[EventType "k.o."]
[EventRounds "7"]
[EventCountry "NOR"]
[SourceTitle "CBM 156"]
[Source "ChessBase"]
[SourceDate "2013.09.17"]
[SourceVersion "1"]
[SourceVersionDate "2013.09.17"]
[SourceQuality "1"]

1. d4 g6 2. Nf3 Bg7 3. c4 d6 {Diesmal also kein Grünfeld.} 4. Nc3 Nf6 5. e4
O-O 6. Be2 c5 {Und auch keine Hauptvariante des Königsinders.} 7. d5 e6 8. O-O
exd5 9. cxd5 ({Die Alternative ist} 9. exd5) 9... Re8 10. Nd2 b6 ({Üblicher
sind} 10... Nbd7) ({und} 10... Na6) 11. f3 Ba6 12. Bxa6 Nxa6 13. Nc4 Nc7 14.
Bf4 Bf8 15. a4 Nh5 16. Be3 Rb8 (16... Qd7 17. g4 Nf6 18. Qd2 b5 19. axb5 Nxb5
20. Nxb5 Qxb5 21. Qc2 {1/2-1/2 (21) Cobo Arteaga,E-Taimanov,M Zalaegerszeg 1969
}) 17. g4 (17. Qd2 Rb7 18. g4 Ng7 19. Bg5 f6 20. Bh4 Na6 21. f4 Be7 22. f5 g5
23. Bg3 Nb4 24. Nb5 Rd7 25. Nd4 cxd4 26. Qxb4 Qc8 27. Rac1 Rc7 28. b3 Bf8 29.
Rfe1 Qd7 30. Nd2 Rec8 31. Rxc7 Qxc7 32. Qc4 Qb7 33. Qxd4 Ne8 34. Nc4 Rc5 35.
Bf2 Qc8 36. Qd3 Rc7 37. Re2 h5 38. h3 Rh7 39. Rc2 hxg4 40. hxg4 Qd7 41. Nd2 Qg7
42. Qf3 Nc7 43. Qg2 Na6 44. Nf3 Nb4 45. Rc4 Nd3 46. Bg3 b5 47. Rc8 Qb7 48. Qc2
Qb6+ 49. Kg2 Qe3 50. Rxf8+ Kxf8 51. Bxd6+ Re7 52. Bxe7+ Kxe7 53. Qc7+ Ke8 54.
Qc8+ Ke7 55. Qc7+ Ke8 56. Qc8+ Ke7 57. Qe6+ Kd8 58. Qxf6+ Kc8 59. Qc6+ Kd8 60.
Qa8+ Kd7 61. Qb7+ Kd8 62. Qb8+ Kd7 63. Qxb5+ Kd8 64. Qb8+ Kd7 65. Qb7+ Kd8 66.
Qa8+ Kd7 67. Qc6+ Kd8 68. Qf6+ Kc8 69. Qc6+ Kd8 70. Qd6+ Kc8 71. Qa6+ Kb8 72.
Qd6+ Kb7 73. Qg3 Nf4+ 74. Kh2 Ne2 75. Qh3 Nf4 76. Qf1 Ne2 77. f6 Qf4+ 78. Kg2
Qxg4+ 79. Kf2 Nc3 80. e5 Qf4 81. Qd3 Ne4+ 82. Ke2 g4 83. Nd2 Nxd2 84. f7 Qxf7
85. Qb5+ Kc8 86. Qc6+ Kb8 87. Qb5+ Kc8 88. Qc6+ Kb8 89. e6 Qe7 90. Kxd2 Qb4+
91. Kc2 Qe4+ 92. Kb2 g3 93. Qd6+ Kc8 94. Qc5+ Kb7 95. e7 {1-0 (95) Garcia,R 
(2420)-Szabo,L Tel Aviv 1964}) 17... Nf6 18. Bf4 h5 19. h3 a6 20. Qd2 b5 21.
axb5 axb5 22. Na5 Qd7 23. Nc6 Ra8 24. b4 cxb4 25. Nxb4 Bg7 26. Rac1 hxg4 27.
hxg4 Ra3 ({Oder auch} 27... Nxg4 28. fxg4 Ra3 29. Rf3 Rb3 30. Nd3 (30. Nc6 $2
b4) (30. Nba2 b4) 30... Bxc3 31. Rxc3 Rxc3 32. Qxc3 Rxe4 $11) 28. Rf2 Rb3 (
28... Nxg4) 29. Nc6 b4 30. Ne2 Rxf3 ({Die Einschläge} 30... Nxe4) ({und} 30...
Nxg4 {sind auch hier möglich und führen zu "gleichem" Spiel.}) 31. Rxf3 Nxe4
32. Qd3 Qxg4+ 33. Ng3 Nxd5 $11 34. Bxd6 Ng5 (34... b3 35. Qxb3 Nd2 36. Qxd5
Nxf3+ 37. Kf2 Nd4 {ist ähnlich.}) 35. Rxf7 ({Oder} 35. Qxd5 Nxf3+ 36. Kf2 Bd4+
37. Nxd4 Nxd4 38. Rc7 (38. Be5 Qg5 $11) 38... Re2+ 39. Nxe2 Qxe2+ 40. Kg3 Nf5+
41. Kf4 Nxd6 42. Qa8+ (42. Qxd6 Qh2+ $19) 42... Ne8 43. Rc8 Kf8 $11) 35... Nxf7
36. Qxd5 Re6 $11 (36... Qd7 37. Rf1 Re6 $11) 37. Bb8 Ng5 $2 (37... b3 38. Qxb3
Bd4+ 39. Nxd4 Qxd4+ 40. Kh1 Rb6 41. Rc8+ Kg7 $11) 38. Rf1 $2 (38. Rc4 {gewinnt:
} Qf3 39. Ne7+ Kf7 40. Rf4+ Qxf4 41. Bxf4 Nh3+ 42. Kh2 Nxf4 43. Qc4 Kxe7 44.
Qxb4+ Kd8 45. Qxf4 Be5 46. Qf7 Rd6 47. Kg2 Bxg3 48. Kxg3 Rb6) 38... Kh7 39.
Qh1+ Nh3+ 40. Kg2 Re2+ 0-1

[Event "FIDE World Cup"]
[Site "Tromsoe"]
[Date "2013.08.16"]
[Round "2.3"]
[White "Svidler, Peter"]
[Black "Bologan, Viktor"]
[Result "1/2-1/2"]
[WhiteElo "2746"]
[BlackElo "2672"]
[PlyCount "103"]
[EventDate "2013.08.11"]
[EventType "k.o."]
[EventRounds "7"]
[EventCountry "NOR"]
[SourceTitle "CBM 156"]
[Source "ChessBase"]
[SourceDate "2013.09.17"]
[SourceVersion "1"]
[SourceVersionDate "2013.09.17"]
[SourceQuality "1"]

1. d4 Nf6 2. c4 e6 3. Nc3 Bb4 4. e3 O-O 5. Nge2 d5 6. a3 Bd6 7. Ng3 c5 8. dxc5
Bxc5 9. b4 Be7 10. Bb2 a6 11. cxd5 exd5 12. Bd3 Nc6 13. Nce2 Bd6 14. O-O Be6
15. f4 Bc7 16. Bc2 Bg4 17. Qd3 Bxe2 18. Nxe2 Re8 19. Bxf6 Qxf6 20. Nc3 Qg6 21.
Qxg6 hxg6 22. Nxd5 Rac8 23. Rac1 Bb8 24. Bb3 Ba7 25. Kf2 Kf8 26. Kf3 Rcd8 27.
Rc3 Re6 28. g4 Red6 29. Rd1 f5 30. g5 Bb8 31. h4 a5 32. Rcd3 axb4 33. axb4 Ne7
34. b5 Nxd5 35. Bxd5 Ba7 36. e4 fxe4+ 37. Kxe4 Re8+ 38. Kf3 Red8 39. Kg4 Bc5
40. Kf3 b6 41. Kg4 R8d7 42. Be4 Rxd3 43. Bxd3 Rd4 44. Bc2 Rxd1 45. Bxd1 Bd6 46.
Bc2 Kf7 47. Bd3 Bc7 48. Bc4+ Ke7 49. f5 gxf5+ 50. Kxf5 Kf8 51. h5 Bd6 52. Bb3
1/2-1/2

[Event "RUS-ch playoff 66th"]
[Site "Nizhnij Novgorod"]
[Date "2013.10.14"]
[Round "2"]
[White "Nepomniachtchi, Ian"]
[Black "Svidler, Peter"]
[Result "1/2-1/2"]
[WhiteElo "2702"]
[BlackElo "2740"]
[PlyCount "53"]
[EventDate "2013.10.14"]
[EventType "match (rapid)"]
[EventRounds "2"]
[EventCountry "RUS"]
[SourceTitle "CBM 157"]
[Source "ChessBase"]
[SourceDate "2013.11.12"]
[SourceVersion "1"]
[SourceVersionDate "2013.11.12"]
[SourceQuality "1"]

1. Nf3 d5 2. d4 c5 3. c4 cxd4 4. cxd5 Nf6 5. Nxd4 Nxd5 6. e4 Nf6 7. Nc3 e5 8.
Ndb5 a6 9. Qxd8+ Kxd8 10. Na3 Be6 11. f3 Bc5 12. Nc2 Nc6 13. Bg5 Ke7 14. Ne3
Nb4 15. Rc1 h6 16. Ncd5+ Nbxd5 17. Rxc5 hxg5 18. exd5 Kd6 19. dxe6 Kxc5 20.
exf7 b5 21. Nf5 Raf8 22. Nxg7 Rxf7 23. Ne6+ Kd6 24. Nxg5 Rg7 25. Ne4+ Nxe4 26.
fxe4 Rh4 27. Kf2 1/2-1/2

[Event "EU-Cup 29th"]
[Site "Rhodes"]
[Date "2013.10.25"]
[Round "6.1"]
[White "Svidler, Peter"]
[Black "Sutovsky, Emil"]
[Result "1/2-1/2"]
[WhiteElo "2740"]
[BlackElo "2657"]
[Annotator "Krasenkow,M"]
[PlyCount "97"]
[EventDate "2013.10.20"]
[EventType "team-swiss"]
[EventRounds "7"]
[EventCountry "GRE"]
[SourceTitle "CBM 157"]
[Source "ChessBase"]
[SourceDate "2013.11.12"]
[SourceVersion "1"]
[SourceVersionDate "2013.11.12"]
[SourceQuality "1"]
[WhiteTeam "St Petersburg"]
[BlackTeam "Odlar Yurdu"]
[WhiteTeamCountry "RUS"]
[BlackTeamCountry "AZE"]

1. Nf3 Nf6 2. c4 g6 3. Nc3 d5 4. cxd5 Nxd5 5. Qb3 Nb6 6. d4 Bg7 7. Bf4 Be6 8.
Qa3 c5 {This curious pawn sacrifice (instead of the normal moves} (8... Nc6) ({
or} 8... O-O {)}) {was introduced by GM Surya Ganguly in 2009. Somehow it has
not brought any noticeable success to Black so far.} 9. e4 $5 (9. O-O-O $6 {
1-0 (27) Lalith,B (2529)-Van Beek,A (2329) Leiden 2012} cxd4 $17) (9. e3 {
is playable but quite modest:} cxd4 10. Nxd4 Bxd4 $5 11. Rd1 $5 (11. exd4 O-O
12. Bh6 Re8 13. Rd1 Nc6 14. Bb5 a6 (14... Rc8 $142 {[%cal Ya7a6]}) 15. Bxc6
bxc6 16. O-O Rb8 17. b3 Nd5 18. Ne4 Nb4 19. Qb2 Bd5 20. Nc5 $14 {0-1 (69)
Moradiabadi,E (2575)-Ganguly,S (2644) Guangzhou 2010}) 11... Nc6 12. exd4 Nd5
13. Bh6 Qb6 14. Be2 O-O-O 15. O-O Nxd4 $2 (15... Qb4 $1 $11) 16. Bg7 Nxe2+ 17.
Nxe2 Rhe8 18. Be5 Nb4 19. Bd4 $16 {->: 1-0 (28) Inarkiev,E (2693)-Sutovsky,E 
(2660) Poikovsky RUS 2013}) (9. Qxc5 {is principled; it is still unclear
whether Black can equalize:} Nc6 10. e3 Rc8 11. Qa3 O-O 12. Rd1 $5 (12. Nd2 Nd5
13. Bg3 (13. Nxd5 Bxd5 $36) 13... f5 $1 14. Bc4 f4 15. Bxd5 Bxd5 16. Bxf4 {
1-0 (40) Papin,V (2575)-Nyback,T (2636) Plovdiv 2012} Nxd4 $1 17. exd4 Rxf4 $36
) (12. Be2 Nc4 13. Qa4 Nxb2 14. Qb5 Nc4 15. O-O Qa5 $1 (15... Nb6 16. Rac1 Nd5
17. Nxd5 Bxd5 18. Rc5 e6 19. Rfc1 Re8 20. Qb1 $14 {1-0 (40) Shchekachev,A 
(2530)-Safarli,E (2597) Zuerich 2009}) 16. Rfc1 Na3 $6 (16... Qxb5 17. Nxb5 Nb6
$11) 17. Qxb7 Nb4 18. Ne1 Bf5 19. g4 $1 Nac2 20. Nxc2 Bxc2 21. Nb5 $16 {
1-0 (30) Le Quang,L (2703)-Navara,D (2706) Belfort 2012}) 12... a5 (12... Nd5
13. Nxd5 Bxd5 14. Bd3 Bxf3 15. gxf3 Qb6 16. Bg5 h6 17. Bh4 e5 18. d5 e4 19.
fxe4 Nb4 20. O-O $16 {1-0 (36) Lalith,B (2529)-Jansa,V (2460) Pardubice 2012})
13. Ne5 Nd5 14. Nxc6 Rxc6 15. Bg3 $5 {, and Black is yet to prove his
compensation} (15. Bb5 $6 Rb6 (15... Rxc3 $5 16. bxc3 Nxf4 17. exf4 Qd5) 16.
Qxa5 (16. Qa4 Bg4 17. f3 Nxf4 18. exf4 Bd7 19. Bxd7 Rb4 20. Qc2 Qxd7 $36) 16...
Nxf4 17. exf4 Bb3 $1 $17 {[%cal Rb6e6] 0-1 (31) Sadorra,J (2451)-Ganguly,S 
(2625) Subic Bay 2009})) 9... cxd4 10. Nb5 O-O 11. Nc7 Nc6 12. Nxa8 Qxa8 {
Black has got a pawn for the exchange but he must obtain an additional
compensation while White is completing his development.} 13. Rc1 f5 $1 14. e5
Nd5 15. Bd2 Nxe5 (15... Qb8 $5 16. Bb5 Bxe5 17. O-O Bf7 18. Bxc6 Bd6 $1 (18...
bxc6 $2 19. Nxe5 Qxe5 20. Rxc6 f4 21. Qd3 Re8 22. Re1 Qg5 23. Qxd4 $18 {
1-0 (30) Bu Xiangzhi (2670)-Tomczak,J (2560) Guimaraes 2012}) 19. b4 bxc6 20.
Nxd4 Nxb4 $13) 16. Nxd4 Bf7 17. Be2 Nb6 $146 {[%mdl 8] Only this move is a
novelty - improvement on the previous game, in which Black didn't obtain
enough counterplay:} (17... Rd8 18. Nf3 Nxf3+ 19. Bxf3 e5 20. O-O e4 21. Be2
Qb8 22. Rfd1 Be5 23. h3 $14 {1-0 (43) Khismatullin,D (2656)-Popov,I (2653)
Rhodes GRE 2013}) 18. b3 Qd8 19. Nf3 Nd3+ 20. Bxd3 Qxd3 {White's king is now
trapped in the centre.} 21. Qxa7 Bb2 {Going for a forced line. Black has some
other interesting possibilities:} (21... Nd5) (21... Rc8) 22. Qxb6 Bxc1 23.
Bxc1 Rd8 24. Nd2 Rd6 25. Qb4 {Hardly better are:} (25. Qxb7 Bd5) (25. Qa7 Bd5)
25... Bd5 $1 26. f3 Re6+ $6 (26... Qe3+ {was simpler:} 27. Kd1 (27. Kf1 $4 Rc6
28. Bb2 Re6 $19) 27... Bxf3+ $1 28. Kc2 $1 (28. gxf3 Qxf3+ 29. Kc2 Qxh1 {
is clearly favorable for Black}) 28... Bxg2 29. Rd1 f4 {with an excellent
compensation for the piece. After the text move Black gets even more pawns but
White fully consolidates his position.}) 27. Kd1 Re2 28. Bb2 Rxg2 29. Kc1 Bxf3
30. Re1 Rxh2 (30... Be4 $6 31. Qc3) 31. Bc3 Be4 32. Kb2 (32. Qc4+ $1 Qxc4 (
32... Kf8 33. Qxd3 Bxd3 34. Re3 {[%cal Rc3b4] leads to the game continuation})
33. bxc4 Kf7 34. Nxe4 fxe4 35. Rxe4 (35. a3 $6 g5 36. Rxe4 h5) 35... Rxa2 36.
Bb4 e6 37. Re5 {[%cal Ye5b5] , and it is unclear whether Black can reach a draw
}) 32... Qd6 {Black thinks he will be safe in the endgame with 3 pawns for a
piece.} (32... Kf7 $5) 33. Ka3 Qa6+ 34. Kb2 Qd6 35. Qc4+ Kf8 36. Kc1 $1 {
White finds a good opportunity.} Qd3 (36... Qa3+ $2 37. Bb2 Qxa2 38. Qc3) 37.
Qxd3 Bxd3 {[%mdl 4096]} 38. Re3 {We have reached a line examined in
annotations to move 32. White wins the e7-pawn, and Black's passed pawns don't
guarantee him sufficient counter-chances.} Bb5 39. a4 (39. Bb4 $5 Re2 40. Bxe7+
Kg7 41. Rxe2 Bxe2 {- it is hard to say whether White can win here.}) 39... Bc6
40. Bb4 f4 $6 (40... Kf7 41. Rxe7+ Kf6 {[%cal Yh7h5] , activating the king,
better fitted endgame principles.}) 41. Rxe7 Kg8 42. Bc5 {This way White
doesn't stop Black's pawns.} (42. a5 $142 $1 f3 43. Rc7 {[%cal Ra5a6]} Bd5 44.
Kc2 Rh5 (44... f2 45. Kd3 {[%cal Yd3e2]}) 45. Rc8+ Kg7 46. Rf8 {- apparently,
White should win.}) 42... f3 43. b4 f2 44. b5 Bd5 45. Re5 Bf7 (45... Bf3 $142
$1 46. Re8+ Kg7 47. Bxf2 Rxf2 48. Nxf3 Rxf3 49. Re7+ Kf6 50. Rxb7 g5 {, and
Black should reach a draw.}) 46. a5 Rh1+ 47. Kc2 Re1 48. Re7 $6 (48. Bd4 $1 {
was the last chance:} Be8 $1 (48... Rxe5 $6 49. Bxe5 Bc4 50. a6 $1 bxa6 51. b6
Bd5 52. Bd4) 49. Rxe8+ (49. a6 $143 bxa6 50. bxa6 Bc6 51. a7 f1=Q 52. Nxf1 Rxf1
) 49... Rxe8 50. Bxf2 {keeping winning chances.}) 48... Bd5 49. a6 (49. a6 bxa6
50. bxa6 f1=Q 51. Nxf1 Rxf1 $11) 1/2-1/2

[Event "London Classic KO 5th"]
[Site "London"]
[Date "2013.12.14"]
[Round "1.3"]
[White "Adams, Michael"]
[Black "Svidler, Peter"]
[Result "1-0"]
[WhiteElo "2754"]
[BlackElo "2758"]
[Annotator "Ramirez Alvarez,A"]
[PlyCount "51"]
[EventDate "2013.12.14"]
[EventType "k.o. (rapid)"]
[EventRounds "3"]
[EventCountry "ENG"]
[SourceTitle "CBM 158"]
[Source "ChessBase"]
[SourceDate "2014.01.16"]
[SourceVersion "1"]
[SourceVersionDate "2014.01.16"]
[SourceQuality "1"]

1. e4 c5 2. Nf3 d6 3. d4 cxd4 4. Nxd4 Nf6 5. Nc3 a6 6. Be3 e5 7. Nf3 Qc7 8. a4
Be6 9. Be2 h6 10. O-O Nbd7 {an already kind of rare position in the Najdorf.
The lines with 7...Nb3 are much better known.} 11. h3 Be7 12. Nh2 $5 {A weird
and interesting maneuver. The idea is to gain more control over the d5 square
by exchanging its defenders.} O-O 13. Ng4 Qc6 14. Qd3 Rfc8 15. Rfd1 Rab8 16. a5
Nc5 $2 {A huge oversight.} 17. Nxf6+ {Suddenly there is no good way to
recapture on f6!} Bxf6 (17... gxf6 18. Bxc5 Qxc5 19. Bg4 {is actually worse
than losing the pawn.}) 18. Qxd6 Qxd6 19. Rxd6 Be7 20. Rd2 {White is a pawn up
and has all the positional advantages. It is very hard to devise something to
do with Black now.} Bg5 21. Bxg5 hxg5 22. Bg4 b5 23. axb6 Rxb6 24. Nd5 Rb7 25.
f3 Rcb8 $6 26. b4 {Black is forced to retreat, which will mean further
material losses. A quick demolition!} 1-0

[Event "London Classic KO 5th"]
[Site "London"]
[Date "2013.12.14"]
[Round "1.4"]
[White "Svidler, Peter"]
[Black "Adams, Michael"]
[Result "0-1"]
[WhiteElo "2758"]
[BlackElo "2754"]
[Annotator "Ramirez Alvarez,A"]
[PlyCount "48"]
[EventDate "2013.12.14"]
[EventType "k.o. (rapid)"]
[EventRounds "3"]
[EventCountry "ENG"]
[SourceTitle "CBM 158"]
[Source "ChessBase"]
[SourceDate "2014.01.16"]
[SourceVersion "1"]
[SourceVersionDate "2014.01.16"]
[SourceQuality "1"]

1. g3 d5 2. Bg2 Nf6 3. c4 e6 4. Nf3 Be7 5. O-O O-O 6. Qc2 $6 {already a
strange move.} d4 7. c5 $6 {a strange followup.} Nc6 8. Ne1 e5 9. e4 Nb4 10.
Qc4 a5 {White is already lost!} 11. a3 Be6 12. Qe2 Na6 13. c6 bxc6 (13... Nc5 {
would have prepared the unstoppable Nb3, winning immediately, but the move in
the game is also good.}) 14. d3 Nc5 15. Nd2 Nfd7 16. f4 exf4 17. gxf4 f5 18.
Rb1 a4 19. Ndf3 Nb3 20. Ng5 Bxg5 21. fxg5 fxe4 22. Bxe4 Nxc1 23. Rxc1 Qxg5+ 24.
Ng2 Bd5 {Black is simply up two pawns...} 0-1

[Event "Norway Chess 2nd"]
[Site "Stavanger"]
[Date "2014.06.07"]
[Round "4"]
[White "Aronian, Levon"]
[Black "Svidler, Peter"]
[Result "1/2-1/2"]
[WhiteElo "2815"]
[BlackElo "2753"]
[Annotator "Krasenkow,M"]
[PlyCount "82"]
[EventDate "2014.06.03"]
[EventType "tourn"]
[EventRounds "9"]
[EventCountry "NOR"]
[EventCategory "21"]
[SourceTitle "CBM 161"]
[Source "ChessBase"]
[SourceDate "2014.07.16"]
[SourceVersion "1"]
[SourceVersionDate "2014.07.16"]
[SourceQuality "1"]

{[%mdl 4]} 1. d4 Nf6 2. c4 g6 3. Nc3 d5 4. Nf3 Bg7 5. cxd5 Nxd5 6. e4 Nxc3 7.
bxc3 c5 8. Rb1 O-O 9. Be2 cxd4 10. cxd4 Qa5+ 11. Bd2 Qxa2 12. O-O Bg4 13. Rxb7
Bxf3 14. Bxf3 Bxd4 {This well-known theoretical line is considered absolutely
harmless, leading to full and dull equality. Black just has to make a few
accurate moves. The present game doesn't change the established verdict.} 15.
Bg5 (15. Bb4 {is more common but it usually leads to the same position.}) 15...
Rd8 16. Qc1 Na6 17. Bxe7 Rac8 18. Qf4 (18. Qg5 Nc5 19. Bxc5 Bxc5 20. Bg4 Rd2
21. Rxf7 Kxf7 22. Bxc8 Bxf2+ 23. Kh1 Qc4 24. Qf4+ Kg7 25. Qe5+ Kh6 26. Qf4+ Kg7
27. Qe5+ Kh6 28. Qf4+ {1/2 (28) Radjabov,T (2713)-Caruana,F (2783) Shamkir 2014
}) 18... Nc5 $1 {This move forces further simplifications.} 19. Bxd8 (19. Bxc5
{was played in several games with the same outcome:} Rxc5 (19... Bxc5 20. Bg4
Rc6 21. e5 Rd2 22. Qh6 Rd8 23. Qf4 Rd2 24. Qh6 {1/2 (24) Petzold,G (2344)
-Krüger,H (2372) Chessfriend.com 2004}) 20. Bd1 Be5 21. Qh4 (21. Qe3 Qa5 22.
Bb3 Rc7 {1/2 (35) Bacrot,E (2725)-Kasimdzhanov,R (2699) Thessaloniki 2013})
21... Rf8 22. Bb3 Qa5 23. Qe7 Rc7 24. Rxc7 Qxc7 25. Qxc7 Bxc7 {1/2 (38) Bacrot,
E (2714)-Nepomniachtchi,I (2717) Biel 2013}) 19... Nxb7 20. Bf6 Bxf6 21. Qxf6
Nc5 (21... Qe6 $144 22. Qd4 Qb6 23. Qxb6 axb6 24. Rb1 Nc5 25. h4 Re8 26. Rxb6
Nxe4 {1/2 (30) Ding,L (2458)-Negi,P (2592) Subic Bay 2009}) 22. h4 Qe6 23. Qa1
(23. Qxe6 fxe6 24. Ra1 Rc7 25. Ra5 e5 $11 {1-0 (34) Fritz,M (2333)-Maduekwe,C 
(2201) Lechenicher SchachServer 2010}) 23... Nxe4 24. Re1 f5 25. Bxe4 fxe4 26.
Qxa7 Re8 $11 {The rest is just a tribute to the Sofia rules:} 27. Qa4 Re7 28.
Re3 Qd5 29. Qc2 Kf7 30. Qe2 Re6 31. Ra3 Re7 32. Qg4 Qf5 33. Qd1 Qe5 34. Qd8 Qc5
35. Re3 Qc1+ 36. Kh2 Qc7+ 37. Qxc7 Rxc7 38. g4 Rc4 39. Kg3 h6 40. Ra3 g5 41.
Ra7+ Kf6 1/2-1/2

[Event "Wch Blitz 8th"]
[Site "Dubai"]
[Date "2014.06.20"]
[Round "20"]
[White "Svidler, Peter"]
[Black "Matlakov, Maxim"]
[Result "1-0"]
[WhiteElo "2753"]
[BlackElo "2689"]
[PlyCount "103"]
[EventDate "2014.06.19"]
[EventType "swiss (blitz)"]
[EventRounds "21"]
[EventCountry "UAE"]
[SourceTitle "CBM 160 Extra"]
[Source "ChessBase"]
[SourceDate "2014.07.01"]
[SourceVersion "1"]
[SourceVersionDate "2014.07.01"]
[SourceQuality "1"]

1. b3 d5 2. Bb2 Nf6 3. e3 Bg4 4. f3 Bf5 5. g4 Bg6 6. h4 h6 7. Nh3 Nbd7 8. Nf4
Bh7 9. g5 hxg5 10. hxg5 Bxc2 11. Rxh8 Bxd1 12. gxf6 Nxf6 13. Kxd1 Qd7 14. Na3
O-O-O 15. Nc2 g5 16. Bh3 g4 17. fxg4 Ne4 18. Ke2 e6 19. Rf1 Ng3+ 20. Kd1 Nxf1
21. Bxf1 Bd6 22. Rh7 Rg8 23. Be2 c5 24. Ne1 d4 25. Ned3 dxe3 26. dxe3 c4 27.
bxc4 Qa4+ 28. Ke1 e5 29. Nd5 Qxc4 30. Nf6 e4 31. Nf2 Qb4+ 32. Kf1 Rd8 33. Bd4
Qb1+ 34. Kg2 Qxa2 35. Bf1 Bb4 36. N6xe4 Be1 37. Rh5 b6 38. Kf3 Kb7 39. Rf5 a5
40. Rf6 Rxd4 41. exd4 a4 42. Bc4 Qa3+ 43. Nd3 Qa1 44. Rxf7+ Kb8 45. Rd7 Qd1+
46. Kf4 Bd2+ 47. Ke5 Qxg4 48. Be6 Qh5+ 49. Bf5 Qh8+ 50. Kd5 Qg8+ 51. Be6 Qc8
52. Ne5 1-0

[Event "Jerusalem Japhet Memorial m"]
[Site "Jerusalem"]
[Date "2014.07.23"]
[Round "5"]
[White "Svidler, Peter"]
[Black "Gelfand, Boris"]
[Result "0-1"]
[WhiteElo "2751"]
[BlackElo "2753"]
[Annotator "Schulz,Andre"]
[PlyCount "50"]
[EventDate "2014.07.20"]
[EventType "match (rapid)"]
[EventRounds "8"]
[EventCountry "ISR"]
[SourceTitle "CBM 161 Extra"]
[Source "ChessBase"]
[SourceDate "2014.08.29"]
[SourceVersion "1"]
[SourceVersionDate "2014.08.29"]
[SourceQuality "1"]

1. c4 g6 2. d4 Nf6 3. Nc3 d5 4. Qb3 dxc4 5. Qxc4 Be6 $5 ({Üblicher ist} 5...
Bg7 {Nach} 6. e4 O-O 7. Nf3 {würde das Spiel in die Hauptvariante des
Russischen Systems übergehen.}) 6. Qb5+ Bd7 ({In der Stammpartie der Variante
geschah} 6... Nc6 7. Nf3 Rb8 8. Ne5 Bd7 9. Nxd7 Qxd7 10. d5 Nd4 11. Qd3 e5 12.
e3 Nf5 13. e4 Nd6 14. f4 Qe7 15. Be3 Ng4 16. Bxa7 Ra8 17. h3 Rxa7 18. hxg4 Bg7
19. Qe3 Ra5 20. f5 Bf6 21. a4 Bh4+ 22. g3 Bg5 23. Qf3 O-O 24. b4 Raa8 25. Ra2
Ne8 26. Rb2 Nf6 27. Be2 c6 28. dxc6 bxc6 29. O-O Rad8 30. Kg2 Rd4 31. b5 cxb5
32. axb5 Rb8 33. fxg6 fxg6 34. b6 Qb7 35. Kh3 Rd6 36. Nd5 Kg7 37. Rc2 Nxd5 38.
exd5 Rxb6 39. Rc6 Rxc6 40. dxc6 Qe7 41. Bc4 Kh6 42. Qh1 Rb2 43. Rf7 Qe8 44. c7
Rc2 45. Qb7 {1-0 (45) Euwe,M-Alekhine,A Netherlands 1935}) 7. Qb3 c5 8. d5 b5
9. Nxb5 (9. e4 c4 10. Qc2 Na6 11. Nf3 Bg7 12. Be2 O-O 13. O-O Nc5 14. Be3 Rc8
15. Nd4 b4 16. e5 Ng4 17. Bxg4 Bxg4 18. Nc6 Bf5 19. Ne4 Rxc6 20. dxc6 Nxe4 21.
Qxc4 Nd2 22. Bxd2 Qxd2 23. a3 a5 24. axb4 axb4 25. Ra7 Bxe5 26. Rxe7 Bxh2+ {
0-1 (26) Dragun,K (2547)-Rodshtein,M (2664) Germany 2013}) 9... Qa5+ (9... Na6
10. Nc3 Rb8 11. Qd1 Qa5 12. f3 Bg7 13. e4 Nc7 14. Kf2 c4 15. g3 O-O 16. Kg2
Nfe8 17. Qd2 Nd6 18. Nh3 f5 19. Nf2 Ncb5 20. Nxb5 Qxb5 21. e5 Bxe5 22. Nd1 f4
23. Nc3 Qb7 24. g4 Bxg4 25. fxg4 f3+ 26. Kh3 Qd7 27. Qg5 Nf7 28. Qh4 h5 {
0-1 (28) Djurhuus,R (2447)-Hansen,E (2587) Reykjavik 2014}) 10. Nc3 Na6 11. f3
$5 ({In einer anderen Partie aus grauer Vorzeit geschah:} 11. e4 Nb4 (11...
Nxe4 $2 12. Bxa6) 12. Bd2 Rb8 13. Qd1 Bg7 14. Bc4 e6 15. a3 Na6 16. e5 Ng4 17.
Ne4 Qb6 18. dxe6 Bxe6 19. Qa4+ Kf8 20. Qxa6 Nxe5 21. Qxb6 Rxb6 22. Bxe6 Rxe6
23. Nxc5 Nd3+ 24. Kf1 Nxc5 25. Bb4 Bd4 26. Nf3 a5 27. Nxd4 axb4 28. Nxe6+ Nxe6
29. axb4 Ke7 30. h4 Rb8 31. Ra4 Rc8 32. g3 Rc2 33. b3 Rb2 34. Ra3 Nd4 35. Kg2
Nc2 36. Ra7+ Kf6 37. Rc1 Ne3+ 38. Kg1 Ng4 39. Rc3 Ne5 40. b5 Kf5 41. b6 Kg4 42.
Kg2 {1-0 (42) Smyslov,V-Ragozin,V Sverdlovsk 1943}) 11... c4 12. Qd1 e6 13. e4
exd5 14. e5 $2 {Das funktioniert nicht.} (14. Qd4 $5 {mit der komplizierten
Enginevariante} Bg7 15. Bg5 Nh5 16. Qxd5 Bxc3+ 17. bxc3 Qxc3+ 18. Kf2 Nc7 19.
Qd6 Qb2+ 20. Ne2 Qb6+ 21. Qxb6 axb6 22. g4 $16) (14. exd5 Bg7 15. Bxc4) 14...
d4 15. exf6 dxc3 16. bxc3 O-O-O (16... Qxc3+ 17. Bd2 Qxf6 18. Rc1 {wäre
erträglich für Schwarz.}) 17. Bd2 Ba4 ({Noch stärker war erst} 17... Ba3)
18. Qc1 Qe5+ (18... Re8+ 19. Be2 Nc5 20. Kf1 Nd3 $19) 19. Be2 Nc5 20. Kf1 Nd3
21. Bxd3 Rxd3 22. Ne2 $1 ({Hier hielt} 22. Qe1 {den Schaden in Grenzen:} Qxf6
23. Qe4 Qc6 24. Qxc6+ Bxc6 25. Be1) 22... Bc5 23. Ng3 Rhd8 24. Qe1 Be3 25. Bxe3
Rxe3 0-1